Las 100 Películas de Animación Mejor Valoradas - Estadísticas

Estadísticas generales
  • Esta prueba ha sido intentada 305 veces
  • La puntuación promedio es 12 de 100
Estadísticas de respuestas
Valoración Año Estudio Respuesta % Correcto
4.1 1995 Pixar Toy Story
90%
4.0 2001 Dreamworks Animation Shrek
65%
4.5 2001 Studio Ghibli El Viaje de Chihiro
55%
4.0 2010 Pixar Toy Story 3
47%
3.9 1999 Pixar Toy Story 2
46%
4.1 2009 Pixar Up
44%
4.2 1994 Walt Disney El Rey León
41%
4.3 2004 Studio Ghibli El Castillo Ambulante / El Increíble Castillo Vagabundo
40%
4.2 1988 Studio Ghibli Mi Vecino Totoro
40%
4.0 2003 Pixar Buscando a Nemo
39%
4.1 2017 Pixar Coco
38%
4.0 2004 Dreamworks Animation Shrek 2
37%
4.1 2004 Pixar Los Increíbles
36%
4.1 2001 Pixar Monstruos S.A. / Monsters, Inc.
33%
4.4 1997 Studio Ghibli La Princesa Mononoke
31%
4.2 2008 Pixar WALL·E
30%
3.9 2020 Pixar Soul
27%
4.0 2010 Dreamworks Animation Cómo Entrenar a tu Dragón
26%
4.2 2007 Pixar Ratatouille
26%
4.4 1988 Studio Ghibli La Tumba de las Luciérnagas
25%
4.1 1998 Walt Dinsey Mulan
24%
4.5 2023 Sony Pictures Animation Spider-Man: Cruzando el Multiverso / Spider-Man: A Través del Spider-Verso
22%
4.4 2018 Sony Pictures Animation Spider-Man: Un Nuevo Universo
22%
4.2 2022 Dreamworks Animation El Gato con Botas: El Último Deseo
20%
4.0 2023 Studio Ghibli El Chico y la Garza / El Niño y la Garza
19%
4.0 2022 Netflix Animation Pinocho de Guillermo del Toro
18%
4.0 2008 Studio Ghibli Ponyo en el Acantilado / Ponyo y el Secreto de la Sirenita
15%
4.1 2009 Laika Los Mundos de Coraline / Coraline y la Puerta Secreta
14%
4.0 1992 Studio Ghibli Porco Rosso
13%
4.2 2016 CoMix Wave Films Your Name
13%
4.0 1986 Studio Ghibli El Castillo en el Cielo / Laputa: Un Castillo en el Cielo
12%
4.3 1988 TMS Entertainment Akira
9%
4.1 2019 Netflix Animation Klaus / La Leyenda de Klaus
9%
4.5 1997 Gainax Neon Genesis Evangelion: The End of Evangelion
8%
4.4 1997 Madhouse Perfect Blue
8%
4.1 2013 Studio Ghibli El Viento se Levanta / Se Levanta el Viento
7%
3.9 1993 Walt Disney Pesadilla Antes de Navidad / El Extraño Mundo de Jack
7%
4.1 2006 Madhouse Paprika
7%
3.9 2013 Warner Bros El Regreso del Caballero Oscuro - Parte 2 / Batman: Regresa el Caballero Nocturno - Parte 2
6%
3.9 2009 khara Evangelion: 2.22 (No) Puedes Avanzar / Evangelion: 2.22 Tú (no) Puedes Avanzar
6%
4.2 2021 khara Evangelion: 3.0+1.0 Érase una vez... Por tercera vez / Evangelion: 3.0+1.0 Tres veces una vez
6%
4.2 2013 Studio Ghibli El Cuento de la Princesa Kaguya
6%
4.2 1999 Warner Bros El Gigante de Hierro
6%
4.0 1998 Dreamworks Animation El Principe de Egipto
6%
4.0 2002 Warner Bros Lilo y Stitch
6%
4.0 2005 Toei Animation One Piece: Barón Omatsuri y la Isla Secreta
6%
4.0 1993 Warner Bros Batman: La Máscara del Fantasma
5%
3.9 2004 Universal Pictures Barbie: La Princesa y la Costurera / Barbie en la Princesa y la Plebeya
5%
3.9 2016 Laika Kubo y las Dos Cuerdas Mágicas / Kubo y la Búsqueda Samurái
5%
4.1 1984 Studio Ghibli Nausicaä del Valle del Viento
5%
4.2 2007 France 3 Cinema Persépolis
4%
4.1 1995 Studio Ghibli Susurros del Corazón
4%
4.1 2016 Kyoto Animation Una Voz Silenciosa
4%
3.9 2020 Ufotable Guardianes de la Noche: Tren Infinito / Kimetsu no Yaiba: Mugen Train
3%
4.1 1989 Studio Ghibli Nicky, la Aprendiz de Bruja / Kiki, Entregas a Domicilio / El Delivery de Kiki
3%
4.2 2020 Cartoon Saloon Wolfwalkers / Wolfwalkers: Espíritu del Lobo
3%
4.1 1998 Production I.G Ghost in the Shell
3%
3.9 2021 MAPPA Jujutsu Kaisen 0: La Película
3%
4.0 2023 Annapurna Pictures Nimona
3%
4.0 2003 France 3 Cinema Bienvenidos a Belleville / Las Trillizas de Belleville
2%
4.3 2009 20th Century Fox Animation Fantástico Sr. Fox / El Fantástico Sr. Zorro
2%
4.0 2018 Fox Searchlight Pictures Isla de Perros
2%
4.2 2009 Icon Productions Mary and Max
2%
3.9 1991 Studio Ghibli Recuerdos del Ayer
2%
4.1 2001 BONES Cowboy Bebop: La Película
1%
3.9 1986 TVC London Cuando el Viento Sopla
1%
4.2 1981 Pannónia Filmstúdió El Hijo de la Yegua Blanca / Fehérlofia
1%
3.9 1983 Madhouse Hiroshima
1%
4.1 2012 Madhouse La Historia de los Niños Lobo / Ame y Yuki: Los Niños Lobo / Wolf Children
1%
4.2 2001 Madhouse Millenium Actress / Chiyoko, la Actriz Milenaria
1%
4.2 2003 Madhouse Tokyo Godfathers / Los Padrinos de Tokio / Héroes al Rescate
1%
4.0 2017 Cartoon Saloon El Pan de la Guerra
1%
4.0 1973 Argos Films El Planeta Salvaje
1%
4.1 2012 StudioCanal Ernest y Celestine
1%
4.2 2014 Cartoon Saloon La Canción del Mar
1%
3.9 1988 Kievnauchfilm La Isla del Tesoro
1%
3.9 2020 Kinema Citrus Made in Abyss: El Amanecer del Alma Profunda
1%
4.0 2009 Madhouse Redline
1%
4.1 2006 Nord-Ouest Films Azur y Asmar
0%
4.0 2000 MTV Animation Daría: Ya Llegó el Otoño
0%
3.9 1995 Madhouse Memories / Recuerdos Peligrosos
0%
3.9 1979 Les Films Paul Grimault El Rey y el Ruiseñor
0%
4.0 2016 MAPPA En este Rincón del Mundo
0%
4.1 2003 Toei Animation Interstella 5555: The 5tory of the 5ecret 5tar 5ystem
0%
4.0 2011 Kyoto Animation K-On! La Película
0%
4.0 2021 Folivari La Cumbre de los Dioses
0%
4.2 2010 Kyoto Animation La Desaparición de Haruhi Suzumiya
0%
4.1 2016 Gebeka Films La Vida de Calabacín
0%
4.0 2018 Kyoto Animation Liz and the Blue Bird
0%
3.9 1982 Nepenthe Los Perros de la Plaga
0%
4.0 1979 Tokyo Movie Shinsa Lupin III: El Castillo de Cagliostro
0%
4.2 2017 Science Saru Night is Short, Walk on Girl
0%
4.1 1993 Shochiku Patlabor 2: La Película
0%
4.0 2000 Les Armateurs Príncipes y Princesas
0%
4.0 2006 Studio 4ºC Tekkonkinkreet
0%
4.2 2022 Toei Animation The First Slam Dunk
0%
4.1 1999 J.C.Staff Utena, la Chica Revolucionaria
0%
4.0 2000 Madhouse Vampire Hunter D: Bloodlust
0%
4.0 2023 Williams Street Venture Bros: La Sangre es Brillante
0%
4.1 2020 Kyoto Animation Violet Evergarden: La Película
0%
No se encontraron pruebas coincidentes
Distribución de puntuación
Porcentaje de gente con cada puntuación
Porcentaje por número respondido
Historial de tus puntuaciones
No has intentado esta prueba.